000 00519nam a2200157 a 4500
008 120416s0000 ||||||||||||||||| || u
020 _a0177610069
050 _aREF T 353 Tho
100 _aThomson, R
245 1 0 _aBasic draughting practice
246 _aan instructional manual and reference book
260 _aLondon
_bNelson
_c1969
300 _a96p. : ill.
350 _a0.00
995 _D0.00
_FCBU-MAIN LIBRARY (Kitwe)
_H1
_I2.00
_M1
_UDAMAGED
_ZReference Collection
999 _c35522
_d35522